000 00953nam a22001577a 4500
001 1768
005 20240206120208.0
008 230928b cb ||||| |||| 00| 0 eng d
082 _a508.81
245 _aThrough the Brazilian rainforest
_cTheodor Roosevelt
260 _cExported from Wikisource on September 28, 2023
300 _a44 pages :
500 _a Roosevelt's popular book Through the Brazilian Wilderness describes his expedition into the Brazilian jungle in 1913 as a member of the Roosevelt-Rondon Scientific Expedition co-named after its leader, Brazilian explorer Cândido Rondon. The book describes all of the scientific discovery, scenic tropical vistas and exotic flora, fauna and wild life experienced on the expedition, as well as the exciting human dramas which occurred during the expedition.
856 _uhttp://172.20.16.31/cgi-bin/koha/opac-retrieve-file.pl?id=36aa0466e14d0f8361efbd3f632ab4c3
_yDownload Ebook
942 _cEBOOK
999 _c1768
_d1768